000 00709cam a2200241 4500
001 A252
008 090401t1991 xxu||||| |||| 00| 0 eng d
035 _a(Sirsi) u95317
041 _aeng
110 _aRoyal Institution of Chartered Surveyors
_94900
245 _aPlanning and Compensation Bill : interim development order (IDO) permissions
260 _bRICS
_c1991
300 _a4p
350 _a0
490 _aRICS Memorandum
_vGCPPA/Report (91) 11
520 _aResponse to a consulation paper.
650 _aCONSULATION PAPER
650 _aINTERIM DEVELOPMENT ORDER
650 _aPLANNING AND COMPENSATION BILL
690 _aPLANNING LAW AND PRACTICE
942 _n0
948 _c04/03/1997
999 _c98409
_d98409